Loading...
| History - European | 3 | 4 | 2 | 3 | 75 | 36 | 88.43 | 4 | 6 | 0.00 | 0.00 |
| History - World | 4 | 2 | 2 | 0 | 70 | 43 | 62.67 | 4 | 6 | 0.00 | 0.00 |
| Fine Arts - Other | 0 | 5 | 0 | 1 | 50 | 101 | 120.20 | 3 | 4 | 0.00 | 0.00 |
| Literature - World | 1 | 4 | 1 | 0 | 50 | 52 | 113.80 | 1 | 2 | 0.00 | 0.00 |
| History - Ancient/Other | 1 | 3 | 1 | 1 | 40 | 68 | 98.75 | 1 | 4 | 0.00 | 0.00 |
| Religion | 0 | 4 | 0 | 0 | 40 | 77 | 112.75 | 0 | 2 | 0.00 | 0.00 |
| History - American | 0 | 4 | 1 | 1 | 35 | 85 | 97.75 | 2 | 4 | 0.00 | 0.00 |
| Philosophy | 0 | 3 | 0 | 1 | 30 | 87 | 128.00 | 0 | 1 | 0.00 | 0.00 |
| Mythology | 0 | 3 | 0 | 0 | 30 | 92 | 108.33 | 1 | 3 | 0.00 | 0.00 |
| Literature - British | 0 | 3 | 0 | 0 | 30 | 74 | 106.00 | 1 | 2 | 0.00 | 0.00 |
| Other Academic | 2 | 0 | 0 | 0 | 30 | 23 | 42.00 | 2 | 2 | 0.00 | 0.00 |
| Geography | 2 | 1 | 3 | 0 | 25 | 50 | 77.00 | 1 | 3 | 0.00 | 0.00 |
| Literature - American | 0 | 2 | 0 | 1 | 20 | 109 | 123.00 | 0 | 2 | 0.00 | 0.00 |
| Current Events | 1 | 0 | 0 | 0 | 15 | 12 | 12.00 | 1 | 1 | 0.00 | 0.00 |
| Literature - European | 0 | 1 | 0 | 0 | 10 | 128 | 128.00 | 0 | 1 | 0.00 | 0.00 |
| Fine Arts - Visual | 0 | 1 | 0 | 0 | 10 | 128 | 128.00 | 0 | 1 | 0.00 | 0.00 |
| Fine Arts - Auditory | 0 | 1 | 0 | 0 | 10 | 164 | 164.00 | 0 | 1 | 0.00 | 0.00 |
| Social Science | 0 | 1 | 0 | 0 | 10 | 82 | 82.00 | 0 | 0 | 0.00 | 0.00 |
| Science - Other | 0 | 0 | 1 | 0 | -5 | 0.00 | 0 | 0 | 0.00 | 0.00 |